Business communication (Record no. 8548)

MARC details
000 -LEADER
fixed length control field 00579cam a2200229ua 4500
001 - CONTROL NUMBER
control field 9524
005 - DATE AND TIME OF LATEST TRANSACTION
control field 20260515114456.0
008 - FIXED-LENGTH DATA ELEMENTS--GENERAL INFORMATION
fixed length control field 160118n ii |||gr||||Z||||||eng
020 ## - INTERNATIONAL STANDARD BOOK NUMBER
International Standard Book Number 9788120337299
040 ## - CATALOGING SOURCE
Transcribing agency MAIN
041 ## - LANGUAGE CODE
Language code of text/sound track or separate title eng
082 ## - DEWEY DECIMAL CLASSIFICATION NUMBER
Classification number 651.7
100 ## - MAIN ENTRY--PERSONAL NAME
Personal name Debasish, Sathya Swaroop,
Relator term Author.,
245 1# - TITLE STATEMENT
Title Business communication
Statement of responsibility, etc. by Sathya Swaroop Debasish
250 ## - EDITION STATEMENT
Edition statement 2nd printing.
260 ## - PUBLICATION, DISTRIBUTION, ETC.
Place of publication, distribution, etc. New Delhi:
Name of publisher, distributor, etc. PHI learning,
Date of publication, distribution, etc. 2010.
300 ## - PHYSICAL DESCRIPTION
Extent 331p.
653 ## - INDEX TERM--UNCONTROLLED
Uncontrolled term Office services
653 ## - INDEX TERM--UNCONTROLLED
Uncontrolled term Commerce
700 ## - ADDED ENTRY--PERSONAL NAME
Personal name Das, Bhagaban,
Relator term Author.
942 ## - ADDED ENTRY ELEMENTS (KOHA)
Koha item type Books
Holdings
Withdrawn status Lost status Damaged status Not for loan Home library Current library Shelving location Date acquired Total checkouts Full call number Barcode Date last seen Copy number Price effective from Koha item type
        Naharkatiya College Library Naharkatiya College Library General stacks 09/19/2020   651.7 | DEB 22950 09/19/2020 1 09/19/2020 Books